01060cam a2200265 a 4500999001500000001000600015003000900021005001700030008004100047020001500088020001800103040002800121082001600149100002100165245020700186260003600393300004100429504005400470650005400524650005400578700001800632700001800650942001200668952011400680 c3279d327918005BD-DhUAP20200303124349.0200303s2000 enka b 000 0deng d a1843091658 a9781843091653 aCLUcCLUdBD-DhUAPbEng00a930 BRO2231 a Brooks, Philip.10aThe illustrated history encyclopedia civilizations, exploration & conquest :bcharts the amazing progress of humankind, from the Stone Age to the Space Age /cPhilip Brooks, Will Fowler and Simon Adams. aLondon :bHermes House,cc2000. a255 pages :billustrations ;c30 cm. aIncludes bibliographical references (p. 252-255). 0aArchitecturezSwitzerlandxHistoryy20th century. 0aArchitecturezSwitzerlandxHistoryy21st century. aFowler, Will. aAdams, Simon. 2ddccBK 00102ddc4070aUAPCLbUAPCLcGeneral Stacksd2020-03-03o930 BROp3010018005r2020-03-03t1w2020-03-03yBK